Справочник инженера-схемотехника: пер. с англ.

Opis bibliograficzny
1. autor: Корис Р. Ральф
Kolejni autorzy: Шмидт-Вальтер Х. Хайнц
Streszczenie:Удобный, компактный и достаточно полный источник информации по электротехнике и электронике, основам расчета цепей постоянного и переменного тока, закономерностям электрических и магнитных полей, принципам измерения основных электрических величин, аналоговой и цифровой схемотехнике, силовым электрическим компонентам. Большое количество иллюстраций упрощают поиск необходимой информации. Книга адресована студентам, инженерам, разработчикам электронной аппаратуры и измерительных систем. Справочник переведен на несколько языков, в Германии переиздавался шесть раз. Без сомнения, он будет популярен и в России.
Język:rosyjski
Wydane: Москва, Техносфера, 2008
Seria:Мир электроники
Hasła przedmiotowe:
Format: Książka
KOHA link:https://koha.lib.tpu.ru/cgi-bin/koha/opac-detail.pl?biblionumber=154990

MARC

LEADER 00000nam0a2200000 4500
001 154990
005 20231101221814.0
010 |a 9785948361642  |b 2000 экз. 
021 |a RU  |b 08-5987  |9 08-321 
035 |a (RuTPU)RU\TPU\book\168103 
090 |a 154990 
100 |a 20080314d2008 km y0rusy5002 ca 
101 1 |a rus  |c eng 
102 |a RU 
105 |a a j 001zy 
200 1 |a Справочник инженера-схемотехника  |e пер. с англ.  |f Р. Корис, Х. Шмидт-Вальтер 
210 |a Москва  |c Техносфера  |d 2008 
215 |a 607 с.  |c ил.  |d 20 см. 
225 1 |a Мир электроники 
320 |a Библиогр. в конце глав. 
330 |a Удобный, компактный и достаточно полный источник информации по электротехнике и электронике, основам расчета цепей постоянного и переменного тока, закономерностям электрических и магнитных полей, принципам измерения основных электрических величин, аналоговой и цифровой схемотехнике, силовым электрическим компонентам. Большое количество иллюстраций упрощают поиск необходимой информации. Книга адресована студентам, инженерам, разработчикам электронной аппаратуры и измерительных систем. Справочник переведен на несколько языков, в Германии переиздавался шесть раз. Без сомнения, он будет популярен и в России. 
606 0 |a Электротехника  |x Справочники  |2 RuMRKP 
606 0 |a Электроника  |x Справочники  |2 RuMRKP 
606 1 |a Электрические схемы  |x Составление  |2 stltpush  |3 (RuTPU)RU\TPU\subj\27659  |9 51381 
606 1 |a Схемотехника  |2 stltpush  |3 (RuTPU)RU\TPU\subj\58366  |9 76159 
610 1 |a электротехника 
610 1 |a электроника 
610 1 |a электрические цепи постоянного тока 
610 1 |a величины 
610 1 |a законы 
610 1 |a линейные схемы 
610 1 |a расчет 
610 1 |a электрические поля 
610 1 |a магнитные поля 
610 1 |a электрические цепи переменного тока 
610 1 |a математические основы 
610 1 |a синусоидальные сигналы 
610 1 |a пассивные элементы 
610 1 |a импеданс 
610 1 |a соединения 
610 1 |a преобразования 
610 1 |a мощность 
610 1 |a трехфазные цепи 
610 1 |a электрические измерительные приборы 
610 1 |a частотный анализ 
610 1 |a фильтры 
610 1 |a ряды Фурье 
610 1 |a преобразование Фурье 
610 1 |a линейные системы 
610 1 |a нелинейные системы 
610 1 |a аналоговые схемы 
610 1 |a кремниевые диоды 
610 1 |a германиевые диоды 
610 1 |a усилители сигналов 
610 1 |a отрицательная обратная связь 
610 1 |a операционные усилители 
610 1 |a активные фильтры 
610 1 |a генераторы 
610 1 |a нагрев 
610 1 |a охлаждение 
610 1 |a усилители мощности 
610 1 |a цифровая электроника 
610 1 |a алгебра логики 
610 1 |a логические схемы 
610 1 |a комбинационные схемы 
610 1 |a триггеры 
610 1 |a запоминающие устройства 
610 1 |a регистры 
610 1 |a счетчики 
610 1 |a питание 
610 1 |a силовые трансформаторы 
610 1 |a выпрямление 
610 1 |a фильтрация 
610 1 |a стабилизация 
610 1 |a справочники 
610 1 |a источники 
675 |a 621.3.061(035)  |v 3  |z rus 
675 |a 621.38.061(035)  |v 3 
700 1 |a Корис  |b Р.  |g Ральф  |4 070 
701 1 |a Шмидт-Вальтер  |b Х.  |g Хайнц  |4 070 
801 1 |a RU  |b 63413507  |c 20090310  |g PSBO 
801 2 |a RU  |b 63413507  |c 20160907  |g PSBO 
942 |c BK 
959 |a 32/20090310  |d 15  |e 325,00  |f АНЛ:1  |f ЧЗТЛ:1  |f УФ:13